LEADER 01418nam 2200409 a 450 001 9910700184503321 005 20110909085349.0 035 $a(CKB)5470000002407118 035 $a(OCoLC)751237560 035 $a(EXLCZ)995470000002407118 100 $a20110909d2011 ua 0 101 0 $aeng 135 $aurbn||||||||| 181 $ctxt$2rdacontent 182 $cc$2rdamedia 183 $acr$2rdacarrier 200 00$aConservation Reserve Enhancement Program$b[electronic resource] $eOhio - Upper Big Walnut Creek 210 1$a[Washington, D.C.] :$cU.S. Dept. of Agriculture, Farm Service Agency,$d[2011] 215 $a1 online resource (2 pages) 225 1 $aFact sheet 300 $aTitle from title screen (viewed on Aug. 30, 2011). 300 $a"February 2011." 517 $aConservation Reserve Enhancement Program 606 $aAgricultural conservation$zOhio$zBig Walnut Creek 606 $aConservation of natural resources$zOhio$zBig Walnut Creek 606 $aEnvironmental protection$zOhio$zBig Walnut Creek 615 0$aAgricultural conservation 615 0$aConservation of natural resources 615 0$aEnvironmental protection 712 02$aUnited States.$bFarm Service Agency. 801 0$bGPO 801 1$bGPO 801 2$bGPO 906 $aBOOK 912 $a9910700184503321 996 $aConservation Reserve Enhancement Program$93481002 997 $aUNINA LEADER 00978nam0 22002531i 450 001 UON00521513 005 20240103025234.953 100 $a20240103d1991 |0itac50 ba 101 $aita 102 $aIT 105 $a|||| ||||| 200 1 $aColloquio con Giulio Einaudi$fSeverino Cesari 210 $aRoma$aNapoli$cTheoria$d1991 215 $a235 p.$d22 cm 316 $aDonazione prof.ssa Amalia Signorelli$5IT-UONSI F. Signorelli7 T2508 410 1$1001UON00065748$12001 $aConfini$v23 606 $aEditoria$3UONC064028$2FI 676 $a070$cGiornalismo ed editoria$v21 801 $aIT$bSOL$c20250606$gRICA 899 $aSIBA - SISTEMA BIBLIOTECARIO DI ATENEO$2UONSI 912 $aUON00521513 950 $aSIBA - SISTEMA BIBLIOTECARIO DI ATENEO$dSI F. Signore7 T 2508 $eSI 48991 5 Donazione prof.ssa Amalia Signorelli 996 $aColloquio con Giulio Einaudi$93905836 997 $aUNIOR